00473nam a2200181 a 4500001001300000003000900013005001700022008004100039020000800080082001700088100001900105245004700124260003200171300001000203500003500213505001300248650003000261nice12345678IN_TiNIC20260116015411.0130220s2012 phia grp 000 0 eng  ac000a230.816bLON aLongchar, Wati aDoing Theology from Disability Perspective aPhilippines bATESEA c2012 a322p  aincludes index and biblioraphy2 aAppendix aTheology-Disabled Persons